MyGZULibrary

Family law / (Record no. 8716)

MARC details
000 -LEADER
fixed length control field 01317cam a2200349 a 4500
001 - CONTROL NUMBER
control field 13931395
003 - CONTROL NUMBER IDENTIFIER
control field GZU
005 - DATE AND TIME OF LATEST TRANSACTION
control field 20210524123641.0
008 - FIXED-LENGTH DATA ELEMENTS--GENERAL INFORMATION
fixed length control field 050415s1998 enk b 001 0 eng
010 ## - LIBRARY OF CONGRESS CONTROL NUMBER
LC control number 2005272850
020 ## - INTERNATIONAL STANDARD BOOK NUMBER
International Standard Book Number 0406063303
040 ## - CATALOGING SOURCE
Original cataloging agency DLC
Transcribing agency DLC
Modifying agency DLC
043 ## - GEOGRAPHIC AREA CODE
Geographic area code e-uk-en
-- e-uk-wl
050 00 - LIBRARY OF CONGRESS CALL NUMBER
Classification number KF501 LOW 1998
Item number .B7 1998
100 1# - MAIN ENTRY--PERSONAL NAME
Personal name Lowe, N. V.
Fuller form of name (Nigel V.)
245 10 - TITLE STATEMENT
Title Family law /
Statement of responsibility, etc. N.V. Lowe, G. Douglas.
246 14 - VARYING FORM OF TITLE
Title proper/short title Bromley's family law
250 ## - EDITION STATEMENT
Edition statement 9th ed.
260 ## - PUBLICATION, DISTRIBUTION, ETC.
Place of publication, distribution, etc. London :
Name of publisher, distributor, etc. Butterworths ;
Place of publication, distribution, etc. Charlottesville, Va. : Lexis Law Pub.,
Date of publication, distribution, etc. 1998.
300 ## - PHYSICAL DESCRIPTION
Extent lxxv, 929 p. ;
Dimensions 25 cm.
500 ## - GENERAL NOTE
General note Rev. ed. of: Family law / P.M. Bromley, N.V. Lowe. 8th ed. 1992
504 ## - BIBLIOGRAPHY, ETC. NOTE
Bibliography, etc. note Includes bibliographical references and index.
650 #0 - SUBJECT ADDED ENTRY--TOPICAL TERM
Topical term or geographic name entry element Domestic relations
Geographic subdivision England.
650 #0 - SUBJECT ADDED ENTRY--TOPICAL TERM
Topical term or geographic name entry element Domestic relations
Geographic subdivision Wales.
700 1# - ADDED ENTRY--PERSONAL NAME
Personal name Douglas, Gillian.
700 1# - ADDED ENTRY--PERSONAL NAME
Personal name Bromley, P. M.
Fuller form of name (Peter Mann).
Title of a work Family law.
856 42 - ELECTRONIC LOCATION AND ACCESS
Materials specified Publisher description
Uniform Resource Identifier <a href="http://www.loc.gov/catdir/enhancements/fy0637/2005272850-d.html">http://www.loc.gov/catdir/enhancements/fy0637/2005272850-d.html</a>
856 41 - ELECTRONIC LOCATION AND ACCESS
Materials specified Table of contents only
Uniform Resource Identifier <a href="http://www.loc.gov/catdir/enhancements/fy0637/2005272850-t.html">http://www.loc.gov/catdir/enhancements/fy0637/2005272850-t.html</a>
906 ## - LOCAL DATA ELEMENT F, LDF (RLIN)
a 7
b cbc
c origcop
d 2
e ncip
f 20
g y-gencatlg
942 ## - ADDED ENTRY ELEMENTS (KOHA)
Source of classification or shelving scheme Library of Congress Classification
Koha item type Books
Edition 9th ed.
Classification part 501
Item part LOW
Call number prefix KF
Holdings
Withdrawn status Lost status Damaged status Not for loan Collection code Home library Current library Shelving location Date acquired Total Checkouts Full call number Barcode Date last seen Copy number Price effective from Koha item type
        Non-fiction Law Library Law Library General Stacks 05/24/2021   KF501 LOW 1998 030689 05/24/2021 c.1 05/24/2021 Books